[Event "Campeonato de España Individual Femenino"]
[Site "Padron"]
[Date "2011.08.05"]
[Round "6"]
[White "Collado Barbas, Laura"]
[Black "Vega Gutierrez, Belinda"]
[Result "1/2-1/2"]
[WhiteElo "2050"]
[BlackElo "2227"]
[PlyCount "145"]
[EventDate "2011.08.01"]
[EventRounds "7"]
[EventCountry "ESP"]

1. d4 d5 2. c4 e6 3. Nc3 c6 4. cxd5 exd5 5. Bf4 Bd6 6. Bxd6 Qxd6 7. e3 Bf5 8.
Nf3 Nf6 9. Bd3 Bxd3 10. Qxd3 Nbd7 11. O-O O-O 12. b4 Qxb4 13. Rab1 Qa3 14. Rb3
Qd6 15. Rxb7 c5 16. Qb5 a6 17. Qa5 c4 18. Qc7 Qe6 19. Rfb1 Rfc8 20. Qf4 h6 21.
Ne5 Rd8 22. Nxd7 Nxd7 23. Qc7 Rac8 24. Qa5 Nf6 25. R7b6 Qf5 26. Qxa6 Ne4 27.
Nxe4 Qxe4 28. Qa3 c3 29. h3 c2 30. Rc1 Rc4 31. Qb3 Rdc8 32. Rb8 Qe8 33. Rxc8
Qxc8 34. a4 Qc7 35. a5 Qxa5 36. Rxc2 Qe1+ 37. Kh2 Qd1 38. Rb2 Qc1 39. Rb1 Qd2
40. Qb8+ Kh7 41. Qf4 Qc2 42. Rb7 f6 43. Qxf6 Rc7 44. Rxc7 Qxc7+ 45. Qf4 Qd7 46.
e4 dxe4 47. Qxe4+ Kg8 48. d5 Qd6+ 49. g3 Kf7 50. Qf5+ Ke7 51. h4 g6 52. Qe4+
Kd7 53. Kh3 h5 54. Kg2 Qf6 55. Qe6+ Qxe6 56. dxe6+ Kxe6 57. Kf3 Kf5 58. Ke3 Ke5
59. f3 Kf5 60. Kd4 Kf6 61. Ke4 Ke6 62. Kf4 Kf6 63. g4 hxg4 64. Kxg4 Kg7 65. Kg5
Kh7 66. Kf6 Kh6 67. f4 Kh7 68. Kg5 Kg7 69. Kg4 Kf6 70. Kg3 Kf5 71. Kf3 Kf6 72.
Kg4 Kf7 73. Kg5 1/2-1/2

[Event "Campeonato de España Individual Femenino"]
[Site "Padron"]
[Date "2011.08.05"]
[Round "6"]
[White "Redondo Arguelles, Graciela"]
[Black "Vega Gutierrez, Sabrina"]
[Result "0-1"]
[WhiteElo "2088"]
[BlackElo "2285"]
[PlyCount "58"]
[EventDate "2011.08.01"]
[EventRounds "7"]
[EventCountry "ESP"]

1. e4 c5 2. c3 Nf6 3. e5 Nd5 4. d4 cxd4 5. Qxd4 e6 6. Nf3 Nc6 7. Qe4 d6 8. exd6
Bxd6 9. Bd3 Nf6 10. Qe2 O-O 11. Bg5 Be7 12. Nbd2 Nd5 13. Bxe7 Qxe7 14. g3 e5
15. Bxh7+ Kxh7 16. Qe4+ f5 17. Qxd5 e4 18. Nd4 Rd8 19. Nxc6 bxc6 20. Qc4 a5 21.
Qe2 Ba6 22. c4 Qb4 23. Rd1 Qxb2 24. Qh5+ Kg8 25. Qxf5 Bxc4 26. Qc5 Bf7 27. Qe3
Rd3 28. Qe2 Rad8 29. Rf1 Qd4 0-1

[Event "Campeonato de España Individual Femenino"]
[Site "Padron"]
[Date "2011.08.05"]
[Round "6"]
[White "Garcia Vicente, Nieves"]
[Black "Pascual Palomo, Lucia"]
[Result "1-0"]
[WhiteElo "2249"]
[BlackElo "2127"]
[PlyCount "127"]
[EventDate "2011.08.01"]
[EventRounds "7"]
[EventCountry "ESP"]

1. d4 Nf6 2. Nf3 e6 3. Bg5 Be7 4. c4 b6 5. Nc3 Bb7 6. e3 Ne4 7. Nxe4 Bxe4 8.
Bxe7 Qxe7 9. Be2 O-O 10. O-O d6 11. b4 Nd7 12. Qb3 e5 13. Nd2 Bg6 14. Bf3 e4
15. Be2 f5 16. c5+ Bf7 17. cxd6 cxd6 18. Bc4 Kh8 19. Rfc1 Bh5 20. Bd5 Rad8 21.
Rc7 Qg5 22. Rxa7 Nf6 23. Rc1 Rc8 24. Rxc8 Rxc8 25. Ra8 Rxa8 26. Bxa8 Qg4 27. f3
Qh4 28. Qb1 d5 29. Qc1 h6 30. Qc8+ Kh7 31. Qxf5+ Bg6 32. g3 Qxg3+ 33. hxg3 Bxf5
34. fxe4 dxe4 35. Bc6 Ng4 36. Nc4 Kg6 37. a4 Kf6 38. Kf1 Nh2+ 39. Kf2 Ng4+ 40.
Ke2 Ke6 41. Nxb6 Kd6 42. Bb5 g5 43. Nc4+ Kc7 44. Ne5 Nf6 45. Bc4 h5 46. Kf2 h4
47. gxh4 gxh4 48. Kg2 Ne8 49. a5 Nd6 50. Be2 Be6 51. Bg4 Bxg4 52. Nxg4 Nf5 53.
Kh3 Kc6 54. Ne5+ Kb5 55. Ng4 Kc6 56. Kg2 Kb5 57. Kh2 Kc6 58. Kh3 Kb5 59. d5 Ka6
60. Nf6 Nxe3 61. d6 Ng2 62. Kxg2 e3 63. Ng4 h3+ 64. Kf3 1-0

[Event "Campeonato de España Individual Femenino"]
[Site "Padron"]
[Date "2011.08.05"]
[Round "6"]
[White "Gutierrez Castillo, Paloma"]
[Black "Buiza Prieto, Eihartze"]
[Result "1-0"]
[WhiteElo "2119"]
[BlackElo "1668"]
[PlyCount "29"]
[EventDate "2011.08.01"]
[EventRounds "7"]
[EventCountry "ESP"]

1. e4 d5 2. exd5 Nf6 3. Nc3 Bg4 4. Be2 Bxe2 5. Qxe2 Nxd5 6. Qb5+ c6 7. Qxb7 Nb6
8. a4 a5 9. d3 Ra6 10. Bf4 e5 11. Bxe5 Bd6 12. Nf3 Nc4 13. dxc4 Rb6 14. Qa7 Ra6
15. Qe3 1-0

[Event "Campeonato de España Individual Femenino"]
[Site "Padron"]
[Date "2011.08.05"]
[Round "6"]
[White "Nieto Asencio, Maria Del Carmen"]
[Black "Ruiz Font, Elisabet"]
[Result "0-1"]
[WhiteElo "2034"]
[BlackElo "1949"]
[PlyCount "46"]
[EventDate "2011.08.01"]
[EventRounds "7"]
[EventCountry "ESP"]

1. d4 f5 2. Bf4 Nf6 3. e3 e6 4. Nf3 Be7 5. h3 b6 6. Bd3 Bb7 7. Nbd2 O-O 8. c3
Ne4 9. Qc2 d5 10. Ne5 c5 11. Bxe4 fxe4 12. O-O-O cxd4 13. cxd4 Nd7 14. Qa4 Nxe5
15. dxe5 Rc8+ 16. Kb1 Bc6 17. Qd4 Bc5 18. Qc3 Qe7 19. Nb3 Bb4 20. Qd4 Bb5 21.
Rc1 Bd3+ 22. Ka1 Rc4 23. Rxc4 dxc4 0-1

[Event "Campeonato de España Individual Femenino"]
[Site "Padron"]
[Date "2011.08.05"]
[Round "6"]
[White "Marin Benito, Carla"]
[Black "Garcia-Castany Musellas, Gal La"]
[Result "0-1"]
[WhiteElo "1865"]
[BlackElo "1980"]
[PlyCount "94"]
[EventDate "2011.08.01"]
[EventRounds "7"]
[EventCountry "ESP"]

1. e4 e5 2. Nf3 Nc6 3. Bc4 Bc5 4. d3 Nf6 5. Nc3 d6 6. Be3 Bb6 7. Qd2 h6 8. a3
O-O 9. Bxh6 gxh6 10. Qxh6 Nh7 11. Qg6+ Kh8 12. Bxf7 Qf6 13. Qxf6+ Nxf6 14. Bb3
Nd4 15. Nxd4 Bxd4 16. Nd1 Kg7 17. c3 Bb6 18. Kd2 Nd7 19. f3 Nc5 20. Ba2 Be6 21.
Bxe6 Nxe6 22. Ne3 Bxe3+ 23. Kxe3 c5 24. h4 b5 25. b4 a5 26. g3 axb4 27. axb4
cxb4 28. cxb4 Nd4 29. Rxa8 Rxa8 30. f4 Ra2 31. Re1 Nc2+ 32. Kd2 Nxe1+ 33. Kxe1
Rg2 34. f5 Rxg3 35. Ke2 Rg2+ 36. Kf3 Rd2 37. h5 Rxd3+ 38. Kg4 Kf6 39. h6 Rd4
40. h7 Rxe4+ 41. Kh5 Kg7 42. h8=Q+ Kxh8 43. Kg6 Rxb4 44. Kf7 e4 45. f6 e3 46.
Kg6 e2 47. f7 Rf4 0-1

[Event "Campeonato de España Individual Femenino"]
[Site "Padron"]
[Date "2011.08.05"]
[Round "6"]
[White "Cucarella Montell, Angels"]
[Black "Cerrato Torrijos, Maria"]
[Result "0-1"]
[WhiteElo "1938"]
[BlackElo "2124"]
[PlyCount "68"]
[EventDate "2011.08.01"]
[EventRounds "7"]
[EventCountry "ESP"]

1. e4 e6 2. Nf3 d5 3. Nc3 d4 4. Ne2 c5 5. c3 Nc6 6. cxd4 cxd4 7. Qa4 Bc5 8. Ne5
Nge7 9. Nf4 O-O 10. Nxc6 Nxc6 11. Nd3 Bd6 12. g3 e5 13. Bg2 Bg4 14. h3 Be6 15.
O-O a6 16. a3 Na5 17. Qd1 Bc4 18. Ne1 Bxf1 19. Kxf1 Rc8 20. d3 b5 21. Qg4 Nb3
22. Bh6 Qf6 23. Bg5 Qg6 24. Rd1 h6 25. Bd2 Qxg4 26. hxg4 Nxd2+ 27. Rxd2 Rc1 28.
Bf3 b4 29. Rc2 Rxc2 30. Nxc2 bxa3 31. bxa3 Rc8 32. Bd1 Rc3 33. Ke2 Bxa3 34. f4
f6 0-1

[Event "Campeonato de España Individual Femenino"]
[Site "Padron"]
[Date "2011.08.05"]
[Round "6"]
[White "Garcia Rodriguez, Sara"]
[Black "Morona Minguez, Irene"]
[Result "0-1"]
[WhiteElo "1926"]
[BlackElo "1930"]
[PlyCount "102"]
[EventDate "2011.08.01"]
[EventRounds "7"]
[EventCountry "ESP"]

1. e4 c5 2. Nf3 e6 3. d4 cxd4 4. Nxd4 Nf6 5. Nc3 Nc6 6. Be2 Bb4 7. Nxc6 bxc6 8.
Bg5 Qa5 9. Bxf6 gxf6 10. Qd4 e5 11. Qe3 Rg8 12. O-O d6 13. Rad1 Be6 14. Qh6 Ke7
15. Rd3 Rg6 16. Qxh7 Rag8 17. g3 Qd8 18. Qh5 Rh8 19. Qf3 Rgh6 20. h4 Qg8 21. h5
Rxh5 22. Qxh5 Rxh5 23. Bxh5 Bc4 24. Rfd1 Bxd3 25. cxd3 Bxc3 26. bxc3 Qb8 27. c4
Qb2 28. a4 a5 29. Kf1 Qa3 30. Be2 Kd7 31. Rb1 Kc7 32. Ke1 Qxa4 33. Bh5 Qc2 34.
Rd1 a4 35. Bxf7 a3 36. c5 Qxc5 37. Ba2 Qc3+ 38. Ke2 Qc5 39. Rd2 d5 40. exd5
cxd5 41. Bb1 Kd6 42. Ba2 Qb4 43. f3 Qd4 44. Rd1 Qb2+ 45. Rd2 Qa1 46. Kf2 Qh1
47. g4 Qh2+ 48. Ke1 Qg1+ 49. Ke2 Qg2+ 50. Ke1 Qxf3 51. Rf2 Qe3+ 0-1

[Event "Campeonato de España Individual Femenino"]
[Site "Padron"]
[Date "2011.08.05"]
[Round "6"]
[White "Gonzalez Etayo, Oihana"]
[Black "Boix Pons, Catalina"]
[Result "0-1"]
[WhiteElo "1803"]
[BlackElo "1900"]
[PlyCount "66"]
[EventDate "2011.08.01"]
[EventRounds "7"]
[EventCountry "ESP"]

1. d4 d5 2. Nf3 Nf6 3. c4 e6 4. Nc3 c6 5. cxd5 exd5 6. Bg5 Be7 7. e3 O-O 8. Bd3
Bg4 9. Qc2 h6 10. Bh4 Nbd7 11. h3 Bxf3 12. gxf3 c5 13. Bxf6 Nxf6 14. dxc5 Bxc5
15. O-O-O Rc8 16. Kb1 Bb4 17. Qb3 Bxc3 18. bxc3 Qa5 19. Qb4 Qc7 20. Kb2 a5 21.
Qd4 a4 22. a3 Qa5 23. Rhg1 Rc6 24. Rb1 Rfc8 25. Rgc1 Qc7 26. Bb5 Rc5 27. Ka2
Qh2 28. Qh4 Qe5 29. c4 dxc4 30. Rxc4 Rxc4 31. Bxc4 Nd5 32. Rb2 Nc3+ 33. Ka1 Nd1
0-1

[Event "Campeonato de España Individual Femenino"]
[Site "Padron"]
[Date "2011.08.05"]
[Round "6"]
[White "Juanes Garcia, Olaya"]
[Black "Suarez Sanchez De la, Esperanza"]
[Result "1/2-1/2"]
[WhiteElo "1735"]
[BlackElo "1795"]
[PlyCount "81"]
[EventDate "2011.08.01"]
[EventRounds "7"]
[EventCountry "ESP"]

1. e4 e6 2. d4 d5 3. e5 c5 4. c3 Nc6 5. Nf3 Qb6 6. a3 Bd7 7. b4 cxd4 8. cxd4
Nh6 9. Nc3 Be7 10. Na4 Qd8 11. Bb2 O-O 12. Bd3 Nf5 13. Rc1 g6 14. Nc5 Bxc5 15.
Rxc5 a6 16. h4 b6 17. Rc2 h5 18. Bxf5 exf5 19. Qd2 Kg7 20. Bc1 Rh8 21. O-O Qe7
22. Qf4 Nd8 23. Qg3 Ne6 24. Be3 Bb5 25. Rfc1 Bc4 26. Ng5 b5 27. Nxe6+ Qxe6 28.
Bg5 Kf8 29. Bf6 Rg8 30. Qg5 Ke8 31. f3 Kd7 32. Kh2 a5 33. Qd2 axb4 34. axb4 Ra4
35. Bg5 Rga8 36. Rb2 Ra3 37. Rc3 R3a4 38. Rc1 Ra3 39. Rc3 R8a4 40. Rbc2 Kc6 41.
Rxa3 1/2-1/2

[Event "Campeonato de España Individual Femenino"]
[Site "Padron"]
[Date "2011.08.05"]
[Round "6"]
[White "Beltran Ortiz, Edda Georgina"]
[Black "Martin Morientes, Marta"]
[Result "1-0"]
[WhiteElo "1877"]
[BlackElo "1593"]
[PlyCount "71"]
[EventDate "2011.08.01"]
[EventRounds "7"]
[EventCountry "ESP"]

1. e4 c5 2. Nf3 d6 3. d4 cxd4 4. Qxd4 a6 5. c4 Nc6 6. Qd2 Nf6 7. Nc3 g6 8. b3
Bg7 9. Bb2 O-O 10. h3 Qa5 11. Bd3 Rb8 12. Rc1 Bd7 13. a3 Qc7 14. O-O e6 15.
Rfd1 Rfd8 16. Bb1 Be8 17. b4 d5 18. cxd5 exd5 19. exd5 Nxd5 20. Nxd5 Rxd5 21.
Qxd5 Bxb2 22. Rc2 Bxa3 23. Qb3 Rd8 24. Rxd8 Qxd8 25. Rd2 Qc7 26. Qxa3 Qf4 27.
Qe3 Qxe3 28. fxe3 Nxb4 29. Rd8 Kf8 30. Nd4 Ke7 31. Rb8 b5 32. Be4 Na2 33. Ra8
Nb4 34. Bb7 Nd3 35. Bxa6 b4 36. Bxd3 1-0

[Event "Campeonato de España Individual Femenino"]
[Site "Padron"]
[Date "2011.08.05"]
[Round "6"]
[White "Sanchez Gabin, Aranzazu"]
[Black "Moran Garcia, Aida"]
[Result "1-0"]
[WhiteElo "1724"]
[BlackElo "1663"]
[PlyCount "89"]
[EventDate "2011.08.01"]
[EventRounds "7"]
[EventCountry "ESP"]

1. Nf3 d5 2. c4 e6 3. g3 Nf6 4. Bg2 Be7 5. O-O O-O 6. b3 b6 7. Bb2 Bb7 8. e3
dxc4 9. bxc4 c5 10. d4 Na6 11. Ne5 Bxg2 12. Kxg2 Rc8 13. Qa4 Nb8 14. Qxa7 Qc7
15. Qxc7 Rxc7 16. Nd2 Nbd7 17. Ndf3 Nxe5 18. Nxe5 Nd7 19. Nxd7 Rxd7 20. Kf3 Bf6
21. Rfb1 cxd4 22. Bxd4 Bxd4 23. exd4 Rxd4 24. Rxb6 Rxc4 25. a4 Ra8 26. a5 h6
27. a6 Rc7 28. Rb7 Rcc8 29. a7 Rf8 30. Rab1 g6 31. Ke4 Kg7 32. Ke5 h5 33. h4
Rg8 34. Rd7 Rgc8 35. Rbb7 Rf8 36. Rb6 Kg8 37. Kf6 e5 38. Kxe5 Kg7 39. Kd6 Rac8
40. Rc7 Ra8 41. Kc6 Kg8 42. Kb7 Kg7 43. Ka6 Kg8 44. Rcb7 Kg7 45. Rb8 1-0

[Event "Campeonato de España Individual Femenino"]
[Site "Padron"]
[Date "2011.08.05"]
[Round "6"]
[White "Acebal Muniz, Maria Concepcion"]
[Black "Romero Diez, Sandra"]
[Result "0-1"]
[WhiteElo "1253"]
[BlackElo "1868"]
[PlyCount "104"]
[EventDate "2011.08.01"]
[EventRounds "7"]
[EventCountry "ESP"]

1. e4 e5 2. Nf3 Nc6 3. Bc4 Bc5 4. O-O Nf6 5. d4 Bxd4 6. Nxd4 Nxd4 7. Bg5 h6 8.
Bh4 g5 9. f4 gxf4 10. Rxf4 d5 11. exd5 exf4 12. Qxd4 Qe7 13. Nc3 Qe3+ 14. Bf2
Qxd4 15. Bxd4 Rg8 16. Bxf6 Bh3 17. Re1+ Kd7 18. Kf2 Rxg2+ 19. Kf3 Rag8 20. Re7+
Kc8 21. Ne2 Rxh2 22. Be5 Bg4+ 23. Kxf4 Bxe2 24. Rxc7+ Kd8 25. Bxe2 Rxe2 26.
Rxb7 Rxc2 27. Bc7+ Rxc7 28. Rb8+ Rc8 29. Rb7 Rc4+ 30. Ke5 Rg5+ 31. Kd6 Rg6+ 32.
Ke5 Rc7 33. Rb8+ Kd7 34. a4 Rb6 35. Rf8 f6+ 36. Kf5 Ke7 37. Rh8 Kd6 38. Ke4
Rb4+ 39. Kf5 Kxd5 40. Rxh6 Rc6 41. Rh2 Rxa4 42. Rd2+ Kc5 43. b3 Rb4 44. Rc2+
Kb6 45. Rb2 a5 46. Kg6 Ka6 47. Kf5 Rc5+ 48. Kxf6 Rb6+ 49. Ke7 Rc7+ 50. Kd8 Rh7
51. Kc8 Ka7 52. Rc2 Rb8# 0-1

[Event "Campeonato de España Individual Femenino"]
[Site "Padron"]
[Date "2011.08.06"]
[Round "7"]
[White "Collado Barbas, Laura"]
[Black "Hernandez Estevez, Yudania"]
[Result "1/2-1/2"]
[WhiteElo "2050"]
[BlackElo "2252"]
[PlyCount "43"]
[EventDate "2011.08.01"]
[EventRounds "7"]
[EventCountry "ESP"]

1. d4 d5 2. c4 c6 3. Nf3 Nf6 4. e3 e6 5. Nbd2 c5 6. b3 Nc6 7. Bb2 cxd4 8. exd4
g6 9. Bd3 Bg7 10. O-O O-O 11. Rc1 b6 12. Qe2 Bb7 13. h3 Rc8 14. Qe3 Qe7 15. Ne5
Rfd8 16. Ndf3 Nxe5 17. Nxe5 Ne4 18. Rfd1 Qh4 19. Nf3 Qe7 20. Ne5 Qh4 21. Nf3
Qe7 22. Ne5 1/2-1/2

[Event "Campeonato de España Individual Femenino"]
[Site "Padron"]
[Date "2011.08.06"]
[Round "7"]
[White "Vega Gutierrez, Sabrina"]
[Black "Garcia Vicente, Nieves"]
[Result "1-0"]
[WhiteElo "2285"]
[BlackElo "2249"]
[PlyCount "105"]
[EventDate "2011.08.01"]
[EventRounds "7"]
[EventCountry "ESP"]

1. e4 e5 2. Nf3 Nc6 3. Bb5 Nf6 4. O-O Nxe4 5. d4 Be7 6. Qe2 Nd6 7. Bxc6 bxc6 8.
dxe5 Nb7 9. c4 O-O 10. Nc3 f6 11. Rd1 Qe8 12. Re1 Qf7 13. Ne4 Kh8 14. exf6 Bxf6
15. Nxf6 Qxf6 16. Bg5 Qf5 17. Qe7 Kg8 18. Re5 Qf7 19. Rae1 h6 20. Bd2 Nd6 21.
c5 Qxe7 22. Rxe7 Nf5 23. R7e4 d6 24. g4 Ng3 25. hxg3 Rxf3 26. Re8+ Rf8 27. Bc3
Bb7 28. R8e7 Rf7 29. cxd6 cxd6 30. Rxf7 Kxf7 31. Bxg7 Rg8 32. Bxh6 Rxg4 33. Bf4
Rg6 34. Re3 c5 35. Rb3 Be4 36. Ra3 Ke6 37. Rxa7 Kf5 38. Ra6 d5 39. Rxg6 Kxg6
40. Kf1 Bf3 41. Ke1 Kf5 42. Kd2 Ke4 43. Bd6 c4 44. Kc3 Bd1 45. Bc5 Ba4 46. Be3
Bd7 47. b3 cxb3 48. axb3 Bg4 49. Bc5 Bd1 50. b4 Be2 51. Be3 Ke5 52. Kd2 Bf3 53.
Kd3 1-0

[Event "Campeonato de España Individual Femenino"]
[Site "Padron"]
[Date "2011.08.06"]
[Round "7"]
[White "Aranaz Murillo, Amalia"]
[Black "Vega Gutierrez, Belinda"]
[Result "1-0"]
[WhiteElo "2176"]
[BlackElo "2227"]
[PlyCount "101"]
[EventDate "2011.08.01"]
[EventRounds "7"]
[EventCountry "ESP"]

1. Nf3 d5 2. c4 e6 3. g3 Nf6 4. Bg2 c6 5. O-O dxc4 6. Na3 b5 7. Ne5 Nd5 8. d4
cxd3 9. Nxd3 Be7 10. e4 Nb6 11. Qc2 b4 12. Nb1 Qd4 13. Be3 Qc4 14. Qxc4 Nxc4
15. Bd4 O-O 16. Bc5 Bxc5 17. Nxc5 Nxb2 18. Rc1 Nd7 19. a3 Nxc5 20. Rxc5 Nd3 21.
Rxc6 b3 22. Nd2 b2 23. Rb1 Rd8 24. Nc4 Bb7 25. Rc7 Rab8 26. Nxb2 Ba8 27. Rc2 g6
28. f3 Kg7 29. Rd1 Nxb2 30. Rxd8 Rxd8 31. Rxb2 Rd3 32. Ra2 f5 33. Rc2 Rxa3 34.
Rc8 fxe4 35. fxe4 Bxe4 36. Bxe4 Ra2 37. Rc2 Rxc2 38. Bxc2 h5 39. Kf2 g5 40. h3
Kf6 41. Ke3 Ke5 42. Bd1 h4 43. g4 Kd5 44. Bb3+ Ke5 45. Ba2 a6 46. Bc4 a5 47.
Bb3 Kd6 48. Ke4 e5 49. Bg8 a4 50. Ba2 a3 51. Bg8 1-0

[Event "Campeonato de España Individual Femenino"]
[Site "Padron"]
[Date "2011.08.06"]
[Round "7"]
[White "Garcia-Castany Musellas, Gal La"]
[Black "Gutierrez Castillo, Paloma"]
[Result "0-1"]
[WhiteElo "1980"]
[BlackElo "2119"]
[PlyCount "150"]
[EventDate "2011.08.01"]
[EventRounds "7"]
[EventCountry "ESP"]

1. e4 e5 2. Nf3 Nc6 3. Bc4 Bc5 4. c3 Nf6 5. b4 Bb6 6. d3 d6 7. a4 a6 8. O-O O-O
9. Nbd2 h6 10. Bb3 Re8 11. Nc4 Ba7 12. Be3 Ne7 13. h3 Ng6 14. b5 Bxe3 15. fxe3
Be6 16. Na5 c6 17. Nxb7 Qc7 18. Bxe6 Rxe6 19. bxc6 Qxc6 20. Qb3 Rb8 21. Rab1
Qc7 22. Qb6 Qc8 23. Rb4 Qxc3 24. Rb3 d5 25. Rxc3 Rxb6 26. Nc5 dxe4 27. dxe4 Rc6
28. Rfc1 Rbc8 29. Nd2 Nd7 30. Ndb3 Ngf8 31. a5 Ne6 32. Na4 Rxc3 33. Rxc3 Rxc3
34. Nxc3 Ndc5 35. Nxc5 Nxc5 36. Kf2 Kf8 37. Ke2 Ke7 38. Nd5+ Kd6 39. Nb4 Kc7
40. Kd2 Nxe4+ 41. Kd3 Nc5+ 42. Kc4 Kd6 43. Kc3 Nb7 44. Nxa6 Nxa5 45. Nb4 Nc6
46. Nc2 Kd5 47. Kd3 f5 48. Na3 Nb4+ 49. Ke2 Na6 50. Nb1 Nc5 51. Nd2 e4 52. Nb1
Kc4 53. Na3+ Kb3 54. Nb5 g6 55. Nd6 Kc2 56. Nb5 Nd3 57. Nd4+ Kc3 58. Nb5+ Kc4
59. Nd6+ Kd5 60. Nf7 h5 61. g3 Ke6 62. Ng5+ Kf6 63. h4 Nc5 64. Nh3 Ne6 65. Nf4
Nd8 66. Nh3 Nf7 67. Nf4 g5 68. Nh3 gxh4 69. gxh4 Kg6 70. Nf4+ Kh6 71. Kf2 Ne5
72. Ke2 Ng6 73. Ng2 Kg7 74. Kf1 Kf6 75. Kf2 Ke6 0-1

[Event "Campeonato de España Individual Femenino"]
[Site "Padron"]
[Date "2011.08.06"]
[Round "7"]
[White "Ruiz Font, Elisabet"]
[Black "Cerrato Torrijos, Maria"]
[Result "1-0"]
[WhiteElo "1949"]
[BlackElo "2124"]
[PlyCount "83"]
[EventDate "2011.08.01"]
[EventRounds "7"]
[EventCountry "ESP"]

1. e4 e6 2. d4 d5 3. Nc3 Nf6 4. e5 Nfd7 5. f4 c5 6. Nf3 Nc6 7. Be3 Be7 8. Qd2
O-O 9. Be2 b6 10. O-O f5 11. dxc5 Nxc5 12. a3 Bb7 13. b4 Nd7 14. Nb5 Re8 15. c4
a6 16. cxd5 axb5 17. dxc6 Bxc6 18. Nd4 Bd5 19. Nxf5 Rf8 20. Nd4 Qe8 21. Bxb5
Rd8 22. Bc6 Bxc6 23. Nxc6 Rc8 24. Nxe7+ Qxe7 25. Rad1 Rfd8 26. Qd6 Qe8 27. Bxb6
Nxb6 28. Qxb6 Rb8 29. Rxd8 Rxd8 30. Rc1 Qd7 31. h3 h6 32. Rc7 Qe8 33. Qc6 Rd1+
34. Kh2 Qg6 35. Rc8+ Kh7 36. Qa8 Qb1 37. Rh8+ Kg6 38. Qe8+ Kf5 39. Rf8+ Ke4 40.
Qc6+ Ke3 41. Qf3+ Kd2 42. Rd8+ 1-0

[Event "Campeonato de España Individual Femenino"]
[Site "Padron"]
[Date "2011.08.06"]
[Round "7"]
[White "Perera Borrego, Mariela"]
[Black "Redondo Arguelles, Graciela"]
[Result "1-0"]
[WhiteElo "2046"]
[BlackElo "2088"]
[PlyCount "87"]
[EventDate "2011.08.01"]
[EventRounds "7"]
[EventCountry "ESP"]

1. d4 d6 2. Nf3 Nf6 3. c4 Nbd7 4. Nc3 e5 5. e4 Be7 6. g3 O-O 7. Bg2 c6 8. O-O
a6 9. a4 a5 10. h3 Re8 11. Be3 exd4 12. Bxd4 Bf8 13. Qc2 Nc5 14. Nh2 Nfd7 15.
f4 Qb6 16. g4 Qb3 17. Qf2 Qxc4 18. Rad1 Nxa4 19. Nxa4 Qxa4 20. g5 Nc5 21. Rde1
Nd3 22. Qe3 Nxe1 23. Rxe1 c5 24. Bc3 d5 25. Qd3 d4 26. Bd2 b6 27. f5 Bb7 28.
Ng4 Qc6 29. Qg3 Kh8 30. Bf4 f6 31. g6 h6 32. Qh4 Re7 33. Re2 d3 34. Rd2 Qe8 35.
e5 fxe5 36. Bxh6 gxh6 37. Nxh6 Bxh6 38. Qxh6+ Kg8 39. f6 e4 40. Rf2 Bd5 41.
Bxe4 Rxe4 42. f7+ Bxf7 43. gxf7+ Qxf7 44. Rg2+ 1-0

[Event "Campeonato de España Individual Femenino"]
[Site "Padron"]
[Date "2011.08.06"]
[Round "7"]
[White "Buiza Prieto, Eihartze"]
[Black "Morona Minguez, Irene"]
[Result "1-0"]
[WhiteElo "1668"]
[BlackElo "1930"]
[PlyCount "75"]
[EventDate "2011.08.01"]
[EventRounds "7"]
[EventCountry "ESP"]

1. e4 c5 2. Nf3 e6 3. d4 cxd4 4. Nxd4 Nf6 5. Bd3 Nc6 6. Be3 a6 7. O-O Qc7 8.
Nc3 Nxd4 9. Bxd4 Bc5 10. Be2 b5 11. e5 Ng8 12. Bf3 Rb8 13. Ne4 Bxd4 14. Qxd4
Nh6 15. Nd6+ Kf8 16. Qf4 Qd8 17. Qb4 Kg8 18. Qc5 Nf5 19. Qa7 Nxd6 20. Qxb8 Nf5
21. Bb7 Ne7 22. Bxc8 Nxc8 23. Rfd1 h5 24. Qb7 Nb6 25. Rd6 Nc4 26. Rxd7 Qg5 27.
Rc7 Nxe5 28. Rc8+ Kh7 29. Rxh8+ Kxh8 30. Qa8+ Kh7 31. Qe4+ Qf5 32. Qxf5+ exf5
33. Rd1 Nc4 34. b3 Na3 35. Rd6 a5 36. c3 f6 37. Ra6 b4 38. c4 1-0

[Event "Campeonato de España Individual Femenino"]
[Site "Padron"]
[Date "2011.08.06"]
[Round "7"]
[White "Pascual Palomo, Lucia"]
[Black "Marin Benito, Carla"]
[Result "1-0"]
[WhiteElo "2127"]
[BlackElo "1865"]
[PlyCount "96"]
[EventDate "2011.08.01"]
[EventRounds "7"]
[EventCountry "ESP"]

1. e4 e5 2. Nf3 Nc6 3. d4 exd4 4. Nxd4 Bc5 5. Be3 Bb6 6. Bc4 d6 7. h3 Nge7 8.
O-O O-O 9. c3 Nxd4 10. cxd4 d5 11. exd5 Nxd5 12. Nc3 Be6 13. Bd3 c6 14. Qh5 Nf6
15. Qh4 h6 16. Rfe1 Nd5 17. Qe4 Nf6 18. Qh4 Nd5 19. Qg3 Bc7 20. Qf3 Qd6 21. Ne4
Qh2+ 22. Kf1 Nf4 23. Bxf4 Qxf4 24. Qxf4 Bxf4 25. Nc5 Bc8 26. Rad1 b6 27. Ne4
Be6 28. Nc3 Rad8 29. Be4 Rc8 30. b3 Rfd8 31. Ne2 Bg5 32. Rd3 Bf6 33. Red1 Bd5
34. f3 Kf8 35. Kf2 Ke7 36. g3 g6 37. h4 Bg7 38. Nf4 Bf6 39. h5 g5 40. Ng2 Bg7
41. Ne3 Kf8 42. R3d2 Be6 43. g4 Ke7 44. Nc2 Rd6 45. Nb4 Bd5 46. Ke3 Re6 47. Rc1
Kd7 48. Rdc2 Rd8 1-0

[Event "Campeonato de España Individual Femenino"]
[Site "Padron"]
[Date "2011.08.06"]
[Round "7"]
[White "Boix Pons, Catalina"]
[Black "Nieto Asencio, Maria Del Carmen"]
[Result "1-0"]
[WhiteElo "1900"]
[BlackElo "2034"]
[PlyCount "175"]
[EventDate "2011.08.01"]
[EventRounds "7"]
[EventCountry "ESP"]

1. d4 g6 2. e4 Bg7 3. c4 c5 4. d5 d6 5. Nc3 Bxc3+ 6. bxc3 Qa5 7. Bd2 Nf6 8. Bd3
Nbd7 9. Nf3 Ng4 10. O-O b6 11. h3 Nge5 12. Nxe5 Nxe5 13. Qe2 Ba6 14. a4 O-O-O
15. f4 Nxd3 16. Qxd3 e6 17. f5 gxf5 18. exf5 e5 19. f6 Rde8 20. Qe4 h5 21. Rf5
b5 22. cxb5 Bxb5 23. Qh4 Be2 24. Rg5 c4 25. Rg7 Qxd5 26. Be3 Qb7 27. Qf2 Bd3
28. Bxa7 Bg6 29. a5 Kd7 30. Bb6 Re6 31. a6 Qc6 32. a7 d5 33. Be3 Rxf6 34. Qb2
Re6 35. Rb1 Bxb1 36. Qxb1 Re7 37. Bg5 f6 38. Rxe7+ Kxe7 39. Be3 Rd8 40. Qh7+
Ke6 41. Qxh5 Qe8 42. Qh7 Qc6 43. g4 Qe8 44. Qf5+ Kd6 45. Qxf6+ Kd7 46. Qa6 Ra8
47. Bc5 d4 48. Qd6+ Kc8 49. Qd5 Kc7 50. Bd6+ Kb6 51. Qc5+ Kb7 52. Qc7+ Ka6 53.
Bxe5 Rxa7 54. Qxc4+ Kb7 55. Qd5+ Kc8 56. Qc5+ Kb7 57. Qb4+ Ka8 58. Qxd4 Ra1+
59. Kh2 Qc6 60. Qd8+ Ka7 61. Bd4+ Kb7 62. Qe7+ Ka8 63. Qe5 Ra2+ 64. Kg3 Rg2+
65. Kf4 Qh6+ 66. Kf5 Qh7+ 67. Ke6 Qg8+ 68. Kd7 Qf7+ 69. Kc6 Qb7+ 70. Kc5 Qc8+
71. Kd5 Qb7+ 72. Ke6 Qc8+ 73. Kf6 Qf8+ 74. Kg5 Qg8+ 75. Qg7 Qd8+ 76. Qf6 Qg8+
77. Kh6 Qd5 78. Qe7 Ra2 79. g5 Ra6+ 80. g6 Qc6 81. Qf8+ Kb7 82. Qf7+ Ka8 83. h4
Ra4 84. h5 Ra1 85. Kh7 Qh1 86. h6 Ra6 87. Qe8+ Kb7 88. Qb5+ 1-0

[Event "Campeonato de España Individual Femenino"]
[Site "Padron"]
[Date "2011.08.06"]
[Round "7"]
[White "Romero Diez, Sandra"]
[Black "Pablos Tenrero, Raquel"]
[Result "0-1"]
[WhiteElo "1868"]
[BlackElo "1971"]
[PlyCount "60"]
[EventDate "2011.08.01"]
[EventRounds "7"]
[EventCountry "ESP"]

1. d4 Nf6 2. c4 e6 3. g3 Bb4+ 4. Bd2 Qe7 5. Bg2 Nc6 6. e3 Bxd2+ 7. Qxd2 O-O 8.
Nc3 d6 9. Nf3 a5 10. O-O e5 11. Nd5 Qd8 12. dxe5 dxe5 13. Rfd1 Bg4 14. Qc2 Nxd5
15. cxd5 Nb4 16. Qe4 Bxf3 17. Bxf3 Qd6 18. Qc4 Qb6 19. a3 Na6 20. b4 axb4 21.
axb4 Qxb4 22. Qxb4 Nxb4 23. Rxa8 Rxa8 24. Rb1 Nd3 25. Rxb7 f6 26. Rxc7 Ra1+ 27.
Kg2 Ne1+ 28. Kf1 Nxf3+ 29. Ke2 e4 30. d6 Re1# 0-1